[Event "Let's Play Chess!erdnaxela"]
[Site "http://www.queenalice.com/game.php?id=350621"]
[Date "2008.2.8"]
[Round "-"]
[White "eduardinhotap"]
[Black "Pittacus"]
[Result "0-1"]
[WhiteElo "1344"]
[BlackElo "1111"]

1. e4 e5 2. Bc4 Nf6 3. Nh3 Nxe4 4. Qe2 d5 5. Bb5+ c6 6. Bd3 Bf5 7. Qh5 Qd7 8.
Na3 g6 9. Qe2 c5 10. Bb5 Nc6 11. b3 O-O-O 12. Ba4 a6 13. Ng5 Be7 14. Nxf7 Nd4
15. Qd3 Nd6 16. Bxd7+ Rxd7 17. Qg3 Rf8 18. Qxe5 Rxf7 19. Qxd5 Bf6 20. Qxc5+ Kd8
21. Bb2 Ne6 22. Qe3 Bg5 23. Qe5 Bf4 24. Qe2 b5 25. h4 h5 0-1

[Event "AUTO-BEG-183"]
[Site "http://www.queenalice.com/game.php?id=350845"]
[Date "2008.2.8"]
[Round "1"]
[White "QSL"]
[Black "Pittacus"]
[Result "0-1"]
[WhiteElo "1117"]
[BlackElo "1116"]

1. e3 e5 2. Qf3 Nf6 3. b3 d5 4. Bb5+ Nc6 5. d4 e4 6. Qf4 Bd6 7. Qg5 h6 8. Qxg7
Ke7 9. f3 a6 10. Bxc6 bxc6 11. fxe4 Qg8 12. Qxg8 Rxg8 13. exd5 Nxd5 0-1

[Event "AUTO-OPEN-1007"]
[Site "http://www.queenalice.com/game.php?id=351105"]
[Date "2008.2.9"]
[Round "1"]
[White "TheBigSid"]
[Black "Pittacus"]
[Result "1-0"]
[WhiteElo "2026"]
[BlackElo "992"]

1. d4 d5 2. c4 c6 3. e3 Nf6 4. Nf3 Bf5 5. Nc3 g6 6. Be2 e6 7. O-O Bg7 8. Ne5
Nbd7 9. Qb3 Nxe5 10. dxe5 Nd7 11. Qxb7 Nxe5 12. cxd5 O-O 13. dxc6 Qb6 14. Qxb6
1-0

[Event "AUTO-OPEN-1007"]
[Site "http://www.queenalice.com/game.php?id=351106"]
[Date "2008.2.9"]
[Round "1"]
[White "Pittacus"]
[Black "TheBigSid"]
[Result "0-1"]
[WhiteElo "1098"]
[BlackElo "2000"]

1. d4 d5 2. Bf4 e6 3. Nf3 Nf6 4. g3 c5 5. e3 Nc6 6. Bg2 Be7 7. Ne5 O-O 8. O-O a6
9. Nc3 cxd4 10. exd4 Qb6 11. Re1 Qxd4 12. Qe2 Qb6 13. b3 Bb4 14. Bd2 Bd7 15.
Nxd7 Nxd7 16. a3 Be7 17. Be3 Qc7 18. a4 Rac8 19. Rad1 d4 20. Bf4 e5 21. Bxc6
Qxc6 22. Qc4 Qxc4 23. bxc4 Rxc4 24. Bxe5 Nxe5 25. Rxe5 Bf6 26. Re2 dxc3 27. Rd7
b5 28. Ra7 bxa4 29. Rxa6 Rd8 30. f3 h6 31. g4 Rd2 32. Re8+ Kh7 33. Raa8 Rb4 0-1

[Event "AUTO-OPEN-1007"]
[Site "http://www.queenalice.com/game.php?id=351129"]
[Date "2008.2.9"]
[Round "1"]
[White "cleber"]
[Black "Pittacus"]
[Result "1-0"]
[WhiteElo "1947"]
[BlackElo "992"]

1. e4 e6 2. d4 d5 3. Nd2 Nc6 4. Ngf3 dxe4 5. Nxe4 Bb4+ 6. c3 Be7 7. Bd3 Bd6 8.
Nxd6+ cxd6 9. O-O e5 10. Re1 Qe7 11. Bb5 Bd7 12. Bxc6 Bxc6 13. Nxe5 dxe5 14.
Rxe5 1-0

[Event "AUTO-OPEN-1007"]
[Site "http://www.queenalice.com/game.php?id=351130"]
[Date "2008.2.9"]
[Round "1"]
[White "Pittacus"]
[Black "cleber"]
[Result "0-1"]
[WhiteElo "1132"]
[BlackElo "2041"]

1. e4 c5 2. Nf3 e6 3. Bc4 Nc6 4. O-O d6 5. d3 Nf6 6. Re1 Be7 7. Bg5 O-O 8. c3 a6
9. d4 h6 10. d5 exd5 11. exd5 hxg5 12. Nxg5 Ne5 13. Na3 b5 14. Bf1 Bb7 15. b4
Nxd5 16. Ne4 f5 17. Qh5 fxe4 18. Rxe4 Nf6 19. Qf5 Nxe4 20. Qh3 Bh4 21. g3 Nf3+
22. Kg2 Qf6 0-1

[Event "AUTO-OPEN-1007"]
[Site "http://www.queenalice.com/game.php?id=351145"]
[Date "2008.2.9"]
[Round "1"]
[White "Pittacus"]
[Black "tankienwei"]
[Result "0-1"]
[WhiteElo "989"]
[BlackElo "1339"]

1. e4 e6 2. d4 d5 3. e5 c5 4. Nf3 Nc6 5. Bg5 Qb6 6. Be3 Qxb2 7. Nbd2 cxd4 8.
Nxd4 Nxd4 9. Qc1 Qxa1 10. Kd1 Qxc1+ 0-1

[Event "Challenge"]
[Site "http://www.queenalice.com/game.php?id=397650"]
[Date "2008.5.3"]
[Round "-"]
[White "Pittacus"]
[Black "Tourinho"]
[Result "0-1"]
[WhiteElo "1312"]
[BlackElo "1495"]

1. d4 Nf6 2. c4 d5 3. Nc3 e6 4. Bg5 Be7 5. Nf3 h6 6. Bh4 Bd7 7. Bxf6 Bxf6 8. e4
dxe4 9. Nxe4 b6 10. Bd3 Bc6 11. O-O Bxd4 12. Bc2 Bf6 13. Qe2 O-O 14. Rfd1 Nd7
15. Nxf6+ Qxf6 16. Nd4 Bb7 17. Qd3 g6 18. a3 Nc5 19. Qd2 Kg7 20. b4 Ne4 21. Bxe4
Bxe4 22. Qe3 Bb7 23. Nb5 Qe7 24. Qe5+ Qf6 25. Qxc7 Rab8 26. Nxa7 Qg5 27. Nc6
Bxc6 28. Qxc6 Rfc8 29. Qe4 Rd8 30. f4 Qe7 31. Qe3 Rxd1+ 32. Rxd1 Qc7 33. Qe5+
Qxe5 34. fxe5 Kf8 35. a4 Ke7 36. Kf2 Rc8 37. Rd4 Rc6 38. b5 Rc5 39. Ke3 Rxe5+
40. Kd3 Rc5 41. Kc3 Re5 42. a5 Rc5 43. Kb4 Rc8 44. axb6 Rb8 45. c5 e5 46. Rd1 e4
47. c6 Rxb6 48. Rc1 Rb8 49. c7 Rc8 50. b6 Kd7 0-1

[Event "Challenge"]
[Site "http://www.queenalice.com/game.php?id=402850"]
[Date "2008.5.14"]
[Round "-"]
[White "Pittacus"]
[Black "bingchess"]
[Result "1-0"]
[WhiteElo "1265"]
[BlackElo "1318"]

1. Nf3 Nc6 2. e4 e5 3. d4 Nf6 4. d5 Nd4 5. Nxd4 exd4 6. Qxd4 b6 7. Bb5 Bc5 8.
Qe5+ Qe7 9. Qxe7+ Bxe7 10. Nc3 Bb4 11. Bd2 a5 12. Be3 Nxe4 13. Bd4 c6 14. Bd3
cxd5 15. O-O Bc5 16. Bxc5 bxc5 17. Nxe4 dxe4 18. Rfe1 O-O 19. Bxe4 Rb8 20. b3
Bb7 21. Bxb7 Rxb7 22. Rad1 a4 23. h3 axb3 24. axb3 h6 25. Rd5 Rc7 26. Ree5 c4
27. b4 Rb8 28. Rc5 Rxc5 29. Rxc5 Rxb4 30. Kf1 d6 31. Rc8+ Kh7 32. c3 d5 33. cxb4
g5 34. b5 d4 35. Rxc4 d3 36. Rd4 f5 37. b6 g4 38. Rd7+ Kg6 39. b7 gxh3 40. b8=Q
h2 41. Qxh2 Kg5 42. Qg3+ Kf6 43. Qg7+ 1-0

[Event "AUTO-BEG-183"]
[Site "http://www.queenalice.com/game.php?id=415853"]
[Date "2008.6.10"]
[Round "2"]
[White "llina"]
[Black "Pittacus"]
[Result "0-1"]
[WhiteElo "1533"]
[BlackElo "1309"]

1. d4 c5 2. dxc5 d5 3. Nc3 e6 4. e4 d4 5. Na4 Nf6 6. Bg5 Qa5+ 7. c3 Bd7 8. Qxd4
Bxa4 9. Bxf6 Nc6 10. b4 Qc7 11. b5 Nxd4 12. Bxd4 Bxc5 13. Bxg7 Rg8 14. Bf6 Qf4
15. Bd4 Qxe4+ 16. Ne2 Bxd4 17. cxd4 Bxb5 18. f3 Qe3 19. Rb1 Bxe2 20. Bxe2 Rxg2
21. Rxb7 Qxe2# 0-1

[Event "AUTO-BEG-183"]
[Site "http://www.queenalice.com/game.php?id=415854"]
[Date "2008.6.10"]
[Round "2"]
[White "Pittacus"]
[Black "llina"]
[Result "1-0"]
[WhiteElo "1283"]
[BlackElo "1532"]

1. e4 e5 2. Nf3 d6 3. Bb5+ c6 4. Ba4 b5 5. Bb3 Bg4 6. d4 Bxf3 7. Qxf3 f6 8. c3
Ne7 9. O-O exd4 10. cxd4 d5 11. exd5 cxd5 12. Re1 Nc6 13. Bxd5 Kd7 14. Qg4+ f5
15. Bxc6+ Kxc6 16. Qf3+ Kc7 17. Nc3 Qxd4 18. Nxb5+ Kb6 19. Nxd4 Rc8 20. Qb3+ Kc5
21. Qb5+ Kxd4 22. Be3+ Ke4 23. f3# 1-0

[Event "Winner takes all"]
[Site "http://www.queenalice.com/game.php?id=430568"]
[Date "2008.7.12"]
[Round "-"]
[White "Pittacus"]
[Black "chaosagent"]
[Result "0-1"]
[WhiteElo "1334"]
[BlackElo "1600"]

1. Nf3 d5 2. c4 dxc4 3. e3 c5 4. Bxc4 Nc6 5. d4 Bg4 6. Qb3 e6 7. Qxb7 Qc8 8. Ba6
e5 9. Qxc8+ Bxc8 10. Bb5 Bb7 11. Nxe5 Ne7 12. Nxc6 Bxc6 13. Nc3 cxd4 14. exd4
Rd8 15. Bxc6+ Nxc6 16. Be3 Nxd4 17. O-O-O Nc6 18. Rxd8+ Nxd8 19. Bxa7 Bd6 20.
Re1+ Ne6 21. a4 O-O 22. h4 Rc8 0-1

[Event "The forever war"]
[Site "http://www.queenalice.com/game.php?id=430569"]
[Date "2008.7.12"]
[Round "-"]
[White "chaosagent"]
[Black "Pittacus"]
[Result "1-0"]
[WhiteElo "1605"]
[BlackElo "1329"]

1. d4 Nf6 2. c4 e6 3. Nc3 Bb4 4. e3 O-O 5. Bd2 Nc6 6. Nf3 d5 7. a3 Be7 8. Be2
dxc4 9. Bxc4 a6 10. O-O Na5 11. h3 b5 12. Bd3 c5 13. Bc2 Bb7 14. Re1 Rc8 15.
dxc5 Bxc5 16. Re2 Nc4 17. Rb1 Bxf3 18. gxf3 Qe7 19. Qf1 Rfd8 20. Be1 Rb8 21. Qg2
Bd6 22. e4 1-0

[Event "Challenge"]
[Site "http://www.queenalice.com/game.php?id=432996"]
[Date "2008.7.14"]
[Round "-"]
[White "Pittacus"]
[Black "klebert_jordan"]
[Result "0-1"]
[WhiteElo "1322"]
[BlackElo "1481"]

1. Nf3 e6 2. c4 d6 3. d4 Nf6 4. Nc3 Nc6 5. e4 Nb4 6. Qa4+ Nc6 7. d5 exd5 8. cxd5
Bd7 9. Bb5 a6 10. Bd3 Ne5 11. Qd1 Nxf3+ 12. Qxf3 Bg4 13. Qe3 Be7 14. O-O Qd7 15.
h3 Bh5 16. f4 O-O 17. g4 Bxg4 18. f5 Bh5 19. Be2 Bxe2 20. Qxe2 c5 0-1

[Event "Let's Play Chess!"]
[Site "http://www.queenalice.com/game.php?id=436831"]
[Date "2008.7.22"]
[Round "-"]
[White "CampbellMarcel"]
[Black "Pittacus"]
[Result "1-0"]
[WhiteElo "1809"]
[BlackElo "1301"]

1. e4 c5 2. Nf3 d6 3. Be2 Nc6 4. c3 g6 5. d4 cxd4 6. cxd4 Bg7 7. Be3 e5 8. d5
Nce7 9. O-O f5 10. Bd3 Nh6 11. h3 O-O 12. Qd2 f4 13. Ng5 Nxd5 14. Nxh7 Kxh7 15.
exd5 Nf5 16. Bxf5 Bxf5 17. Bxf4 exf4 18. g4 fxg3 19. fxg3 1-0

[Event "Let's Play Chess!"]
[Site "http://www.queenalice.com/game.php?id=436842"]
[Date "2008.7.22"]
[Round "-"]
[White "Pittacus"]
[Black "CampbellMarcel"]
[Result "0-1"]
[WhiteElo "1303"]
[BlackElo "1807"]

1. e4 e6 2. d4 c6 3. Nf3 f6 4. c4 d5 5. Nbd2 Bb4 6. a3 Be7 7. Bd3 Nh6 8. O-O Na6
9. b4 O-O 10. Re1 Nc7 11. c5 a6 12. Nb3 f5 13. e5 g5 14. Qd2 f4 15. Qc2 Nf5 0-1